|
|
|
|
| LEADER |
01620nam a2200397 a 4500 |
| 001 |
000677815 |
| 003 |
CZ BrMZK |
| 005 |
20090316091752.0 |
| 007 |
ta |
| 008 |
030715s2003 xr ab c p 000 0 cze d |
| 015 |
|
|
|a cnb001277043
|
| 020 |
|
|
|a 80-7235-214-8
|q (brož.)
|
| 035 |
|
|
|a (OCoLC)53859494
|
| 040 |
|
|
|a BOA001
|b cze
|
| 072 |
|
7 |
|a 911
|x Obecná geografie. Systematická geografie
|2 Konspekt
|9 7
|
| 072 |
|
7 |
|a 37.016
|x Učební osnovy. Vyučovací předměty. Učebnice
|2 Konspekt
|9 22
|
| 080 |
|
|
|a 911.2
|2 MRF
|
| 080 |
|
|
|a 91
|2 MRF
|
| 080 |
|
|
|a (075.2)
|2 MRF
|
| 080 |
|
|
|a (076.1)
|2 MRF
|
| 100 |
1 |
|
|a Demek, Jaromír,
|d 1930-2017
|7 jk01022190
|4 aut
|
| 245 |
1 |
0 |
|a Zeměpis pro 6. a 7. ročník základní školy :
|b pracovní sešit : planeta Země a její krajiny /
|c Jaromír Demek, Ivan Mališ
|
| 246 |
3 |
3 |
|a Planeta Země a její krajiny
|
| 250 |
|
|
|a 1. vyd.
|
| 260 |
|
|
|a Praha :
|b SPN - pedagogické nakladatelství,
|c 2003
|
| 300 |
|
|
|a 56 s. :
|b il., mapy ;
|c 30 cm
|
| 521 |
|
|
|a Pracovní sešit je určen pro výuku zeměpisu na 2. stupni základní školy
|
| 650 |
0 |
7 |
|a fyzická geografie
|7 ph120423
|2 czenas
|
| 650 |
0 |
7 |
|a zeměpis
|7 ph116771
|2 czenas
|
| 655 |
|
7 |
|a učebnice základních škol
|7 fd133773
|2 czenas
|
| 655 |
|
7 |
|a pracovní sešity
|7 fd133116
|2 czenas
|
| 700 |
1 |
|
|a Mališ, Ivan,
|d 1960-
|7 mzk2003194691
|4 aut
|
| 856 |
4 |
1 |
|u http://www.digitalniknihovna.cz/mzk/uuid/uuid:0f3d6100-cc10-11e2-b6da-005056827e52
|y Digitalizovaný dokument
|x NDK
|
| 910 |
|
|
|a BOA001
|b 3-1121.946
|
| 990 |
|
|
|a BK
|
| 996 |
6 |
|
|b 2610195689
|c 3-1121.946
|l MZK
|r Sklad / do 1 hodiny
|n 0
|p p.v.
|w 000677815
|u 000010
|a 1
|e BOA001
|j MZK50
|s P
|